000 02048nam a2200589 i 4500
001 32573
003 KOSZ 005
005 20220511142114.0
008 100806s1994 pl |000 0 pol
015 _aUWD 2010/27286
020 _a8390104601
035 _a991001852549705066
035 _a(PL-WaBN)b25191111-48omnis_nlop
035 _ab25191111
035 _a(OCoLC)750615457
035 _a(PL)b0000002519111
035 _a(EXLNZ-48OMNIS_NETWORK)9910515503705606
040 _aWA N
_cWA N
_dWA N
_dKOSZ 005/HR
041 1 _apol
_heng
046 _k1994
080 _a613.83
080 _a159.922.7/.8
100 1 _aDimoff, Timothy
_eAutor
245 1 0 _aJak rozpoznać czy dziecko sięga po narkotyki /
_cTimothy Dimoff, Steve Carper ; [tł. Jan Piotrowski i Łukasz Ronikier].
246 1 _iTyt. oryg.:
_aHow to tell if your kids are using drugs,
_f1992
260 _aWarszawa :
_bElma Books :
_bMinisterstwo Edukacji Narodowej,
_c1994.
300 _a203 s. ;
_c21 cm.
336 _aTekst
_btxt
_2rdacontent
337 _aBez urządzenia pośredniczącego
_bn
_2rdamedia
338 _aWolumin
_bnc
_2rdacarrier
380 _aKsiążki
388 _a1901-2000
388 _a1989-2000
490 1 _aBiblioteczka Wychowawcy ;
_vnr 7
504 _aBibliogr. s. 202-203.
650 7 _aPsychologia młodzieży
_2DBN
650 7 _aNarkomania
_2DBN
650 7 _aZapobieganie
650 7 _aZwalczanie
650 7 _aNarkotyki
650 7 _aPsychologia dziecka
_2DBN
655 7 _aWydawnictwa popularne
_2DBN
658 _aRodzina, relacje międzyludzkie
658 _aEdukacja i pedagogika
700 1 _aCarper, Steve
_eAutor
700 1 _aPiotrowski, Jan
_c(tłumacz)
_eTłumaczenie
700 1 _aRonikier, Łukasz
_eTłumaczenie
830 0 _aBiblioteczka Wychowawcy
_vnr 7
856 _uhttp://koha.tu.koszalin.pl/cgi-bin/koha/opac-detail.pl?biblionumber=32573
_yKatalog online BPK
942 _2UKD
_cKS
999 _c32573
_d32573